| 000 | 01215nam a2200241Ia 4500 | ||
|---|---|---|---|
| 999 |
_c35797 _d35797 |
||
| 001 | 1681 | ||
| 003 | GE_BSU | ||
| 005 | 20250203115835.0 | ||
| 008 | 181216s2011||||ru |||||||||||||| ||rus|| | ||
| 020 | _a9789941412578 | ||
| 040 | _cGE_BSU | ||
| 080 | _a663.813 И-60 | ||
| 100 |
_aНижарадзе,Э. _924221 |
||
| 245 |
_aПроблема фальсификации цитрусовых соков и методы ее обнаружения / _cЭ. Нижарадзе, Ред: Н. Мамулаишвили, Д. Чхаидзе. |
||
| 264 |
_aБатуми _bГос ун-т Шота Руставели, _c2011 |
||
| 300 |
_a142 с.: _b19 см. |
||
| 653 | _aПроблема фальсификации цитрусовых соков и методы ее обнаружения. | ||
| 653 | _aФруктовые и овощные соки. | ||
| 653 | _aციტრუსის წვენების გაყალბების პრობლემა და მისი გამოვლენის მეთოდები. | ||
| 700 |
_aМамулаишвили, Н _eრედაქტორი _924222 |
||
| 700 |
_bЧхаидзе, Д _eრედაქტორი _924223 |
||
| 942 |
_cBK _2udc |
||